[Event "Andorra Open"]
[Site "Escaldes"]
[Date "2019.07.28"]
[Round "2.23"]
[White "Hansen, Mads"]
[Black "Zambrana Petisme, Ramiro"]
[Result "1-0"]
[WhiteElo "2406"]
[BlackElo "2108"]
[PlyCount "107"]
[EventDate "2019.07.27"]
[EventType "swiss"]
[EventRounds "9"]
[EventCountry "AND"]

1. e4 c5 2. Nf3 Nc6 3. d4 cxd4 4. Nxd4 g6 5. c4 Bg7 6. Be3 Nf6 7. Nc3 d6 8. Be2
O-O 9. O-O Bd7 10. h3 a6 11. Nc2 Rb8 12. Na3 Nb4 13. Qb3 Qa5 14. Bd2 Nc6 15.
Be3 Nb4 16. Bf3 Rfc8 17. Rac1 Nd3 18. Rb1 Nc5 19. Qd1 Bc6 20. Nd5 Bxd5 21. exd5
Ncd7 22. Ba7 Ra8 23. Bd4 b5 24. Re1 Bf8 25. Qe2 bxc4 26. Rbc1 Nb6 27. Bxb6 Qxb6
28. Rxc4 Rxc4 29. Nxc4 Qb5 30. Na3 Qxe2 31. Rxe2 Rc8 32. Rc2 Rxc2 33. Nxc2 Nd7
34. b4 Bg7 35. a4 Bc3 36. a5 Kf8 37. Be2 Nb8 38. Bc4 e6 39. Kf1 Ke7 40. Ke2
exd5 41. Bxd5 f5 42. Kd3 Be5 43. Kc4 f4 44. b5 axb5+ 45. Kxb5 Kd8 46. a6 Nxa6
47. Kxa6 Ke7 48. Kb5 h5 49. Kc6 g5 50. Bf3 h4 51. Kd5 Bc3 52. Bg4 Ba5 53. Nd4
Bb6 54. Nf5+ 1-0

[Event "Andorra Open"]
[Site "Escaldes"]
[Date "2019.07.28"]
[Round "2.24"]
[White "Trouve, Guillaume"]
[Black "Suarez Uriel, Adrian"]
[Result "0-1"]
[WhiteElo "2114"]
[BlackElo "2392"]
[PlyCount "62"]
[EventDate "2019.07.27"]
[EventType "swiss"]
[EventRounds "9"]
[EventCountry "AND"]

1. e4 c5 2. Nf3 Nc6 3. d4 cxd4 4. Nxd4 g6 5. Nc3 Bg7 6. Be3 Nf6 7. Bc4 O-O 8.
Bb3 Re8 9. f3 e6 10. Qd2 d5 11. exd5 Nxd5 12. Nxc6 bxc6 13. O-O-O Bb7 14. Ne4
Qc7 15. Bh6 Bh8 16. Qf2 a5 17. a3 a4 18. Bc4 Reb8 19. c3 Ba6 20. Bxa6 Rxa6 21.
Rd2 Rab6 22. Be3 Rb3 23. Bd4 Bxd4 24. Qxd4 e5 25. Qf2 Qb7 26. Rc2 Rxa3 27. bxa3
Qb1+ 28. Kd2 Qxh1 29. c4 Nf4 30. g3 Rd8+ 31. Kc3 Qa1+ 0-1

[Event "Andorra Open"]
[Site "Escaldes"]
[Date "2019.07.28"]
[Round "2.25"]
[White "Ano Tafalla, Santiago"]
[Black "Vega Gutierrez, Sabrina"]
[Result "1/2-1/2"]
[WhiteElo "2105"]
[BlackElo "2385"]
[PlyCount "139"]
[EventDate "2019.07.27"]
[EventType "swiss"]
[EventRounds "9"]
[EventCountry "AND"]

1. d4 d5 2. c4 e6 3. Nc3 c6 4. cxd5 exd5 5. Nf3 Bd6 6. g3 Bf5 7. Nh4 Bg4 8. Bg2
Ne7 9. O-O Ng6 10. Nf3 O-O 11. e4 dxe4 12. Nxe4 Be7 13. Qb3 Qb6 14. Qxb6 axb6
15. d5 cxd5 16. Nc3 Rd8 17. Nd4 Nc6 18. Ncb5 Bf6 19. Be3 Ra4 20. h3 Nxd4 21.
Bxd4 Bxd4 22. Nxd4 Rxd4 23. hxg4 Rxg4 24. Rfd1 d4 25. Bf3 Rg5 26. Rac1 h5 27.
Bxb7 h4 28. Kh2 hxg3+ 29. fxg3 Re5 30. Rd2 Ne7 31. Rcd1 Nf5 32. g4 Ne3 33. Rxd4
Nxg4+ 34. Kg3 Rxd4 35. Rxd4 Nf6 36. Rd6 Rb5 37. b3 Kf8 38. Rc6 Nd7 39. Rc7 Ne5
40. Kf4 Rc5 41. Rxc5 Nd3+ 42. Ke3 Nxc5 43. Bc6 Ke7 44. b4 Na6 45. a3 Nc7 46.
Bf3 Kd6 47. Kf4 Nb5 48. a4 Nd4 49. Bd1 Nc6 50. Bb3 f6 51. b5 Nd4 52. Bd1 Kd5
53. Ke3 g5 54. Bh5 f5 55. Bf7+ Ke5 56. a5 bxa5 57. b6 Nc6 58. Be8 Nb8 59. Ba4
g4 60. b7 f4+ 61. Kf2 Kd4 62. Bd1 f3 63. Bc2 Ke5 64. Kg3 Kd6 65. Bb3 Kc5 66.
Be6 Kd6 67. Bxg4 a4 68. Bf5 a3 69. Bb1 Kc7 70. Kxf3 1/2-1/2

[Event "Andorra Open"]
[Site "Escaldes"]
[Date "2019.07.29"]
[Round "3.3"]
[White "Aloma Vidal, Robert"]
[Black "Vavulin, Maxim"]
[Result "1-0"]
[WhiteElo "2419"]
[BlackElo "2561"]
[PlyCount "129"]
[EventDate "2019.07.27"]
[EventType "swiss"]
[EventRounds "9"]
[EventCountry "AND"]
[WhiteClock "0:01:29"]
[BlackClock "0:01:50"]

1. Nf3 {[%emt 0:04:45]} Nf6 {[%emt 0:00:17]} 2. c4 {[%emt 0:00:16]} c5 {
[%emt 0:03:00]} 3. g3 {[%emt 0:00:23]} Nc6 {[%emt 0:00:38]} 4. Bg2 {[%emt 0:00:
23]} e5 {[%emt 0:03:27]} 5. Nc3 {[%emt 0:01:23]} g6 {[%emt 0:02:33]} 6. O-O {
[%emt 0:04:11]} Bg7 {[%emt 0:00:24]} 7. d3 {[%emt 0:02:43]} h6 {[%emt 0:03:29]}
8. Ne1 {[%emt 0:01:33]} O-O {[%emt 0:02:17]} 9. Nc2 {[%emt 0:03:09]} d6 {
[%emt 0:01:17]} 10. Ne3 {[%emt 0:00:53]} Be6 {[%emt 0:00:54]} 11. Ned5 {
[%emt 0:00:12]} Nh7 {[%emt 0:03:49]} 12. a3 {[%emt 0:02:08]} Qd7 {[%emt 0:02:
55]} 13. b4 {[%emt 0:01:11]} Kh8 {[%emt 0:06:36]} 14. Rb1 {[%emt 0:18:48]} Rab8
{[%emt 0:12:13]} 15. b5 {[%emt 0:10:58]} Nd8 {[%emt 0:06:19]} 16. b6 {[%emt 0:
01:42]} a6 {[%emt 0:02:51]} 17. f4 {[%emt 0:11:31]} Nc6 {[%emt 0:07:41]} 18. e3
{[%emt 0:01:08]} Bg4 {[%emt 0:11:32]} 19. Qd2 {[%emt 0:03:37]} Rbe8 {[%emt 0:
14:25]} 20. Bb2 {[%emt 0:01:30]} f5 {[%emt 0:03:47]} 21. Nd1 {[%emt 0:06:52]}
g5 {[%emt 0:00:50]} 22. Nf2 {[%emt 0:00:58]} Bh5 {[%emt 0:00:29]} 23. Rbe1 {
[%emt 0:01:04]} Nf6 {[%emt 0:02:04]} 24. fxg5 {[%emt 0:06:33]} hxg5 {[%emt 0:
01:03]} 25. Nxf6 {[%emt 0:00:08]} Bxf6 {[%emt 0:00:46]} 26. g4 {[%emt 0:00:33]}
fxg4 {[%emt 0:03:36]} 27. Ne4 {[%emt 0:00:57]} Bd8 {[%emt 0:00:05]} 28. Rxf8+ {
[%emt 0:03:48]} Rxf8 {[%emt 0:00:01]} 29. Rf1 {[%emt 0:00:28]} Rxf1+ {[%emt 0:
01:46]} 30. Bxf1 {[%emt 0:00:36]} Bg6 {[%emt 0:01:08]} 31. Qg2 {[%emt 0:00:57]}
Bxb6 {[%emt 0:01:34]} 32. Be2 {[%emt 0:00:25]} Bd8 {[%emt 0:02:19]} 33. Bxg4 {
[%emt 0:00:19]} Qe7 {[%emt 0:00:04]} 34. Qh3+ {[%emt 0:03:24]} Kg7 {[%emt 0:00:
24]} 35. Bf5 {[%emt 0:00:25]} Bxf5 {[%emt 0:01:07]} 36. Qxf5 {[%emt 0:00:02]}
Kh6 {[%emt 0:00:31]} 37. Kg2 {[%emt 0:01:14]} Kg7 {[%emt 0:00:31]} 38. Qg4 {
[%emt 0:01:21]} b5 {[%emt 0:00:31]} 39. Qc8 {[%emt 0:00:27]} Na5 {[%emt 0:00:
32]} 40. Qxa6 {[%emt 0:01:42]} bxc4 {[%emt 0:00:22]} 41. dxc4 {[%emt 0:04:21]}
Kh7 {[%emt 0:18:05]} 42. Bc3 {[%emt 0:17:47]} Nb7 {[%emt 0:06:56]} 43. Qc6 {
[%emt 0:02:45]} Kg6 {[%emt 0:03:07]} 44. Ng3 {[%emt 0:05:27]} Ba5 {[%emt 0:01:
39]} 45. Qe4+ {[%emt 0:00:58]} Kf6 {[%emt 0:01:01]} 46. Qf3+ {[%emt 0:02:25]}
Kg6 {[%emt 0:00:05]} 47. Qh5+ {[%emt 0:00:52]} Kf6 {[%emt 0:00:06]} 48. Qh6+ {
[%emt 0:02:43]} Kf7 49. Nf5 {[%emt 0:00:56]} Qf6 {[%emt 0:01:50]} 50. Qh7+ {
[%emt 0:00:16]} Kf8 {[%emt 0:01:01]} 51. e4 {[%emt 0:01:04]} Qf7 {[%emt 0:01:
43]} 52. Qh8+ {[%emt 0:01:19]} Qg8 {[%emt 0:00:02]} 53. Qh6+ {[%emt 0:00:29]}
Ke8 {[%emt 0:01:00]} 54. Bxa5 {[%emt 0:00:16]} Qxc4 {[%emt 0:00:32]} 55. Qh8+ {
[%emt 0:00:50]} Kd7 {[%emt 0:00:01]} 56. Qg7+ {[%emt 0:00:09]} Kc6 {[%emt 0:00:
04]} 57. Qc7+ {[%emt 0:00:04]} Kb5 {[%emt 0:00:05]} 58. Qxb7+ {[%emt 0:00:37]}
Ka4 {[%emt 0:00:04]} 59. Be1 {[%emt 0:01:01]} Qe2+ {[%emt 0:00:58]} 60. Bf2 {
[%emt 0:00:01]} g4 {[%emt 0:00:09]} 61. Ne3 {[%emt 0:00:43]} Kxa3 {[%emt 0:01:
10]} 62. Qa7+ {[%emt 0:00:24]} Kb2 {[%emt 0:00:35]} 63. Qb6+ {[%emt 0:00:15]}
Kc1 {[%emt 0:00:09]} 64. Qxd6 {[%emt 0:00:36]} Qf3+ {[%emt 0:00:30]} 65. Kg1 {
[%emt 0:00:13]} 1-0

[Event "Andorra Open"]
[Site "Escaldes"]
[Date "2019.07.29"]
[Round "3.4"]
[White "Cuartas, Jaime Alexander"]
[Black "Kirk, Ezra"]
[Result "0-1"]
[WhiteElo "2542"]
[BlackElo "2420"]
[PlyCount "104"]
[EventDate "2019.07.27"]
[EventType "swiss"]
[EventRounds "9"]
[EventCountry "AND"]
[WhiteClock "0:13:44"]
[BlackClock "0:03:08"]

1. d4 {[%emt 0:00:04]} Nf6 {[%emt 0:00:08]} 2. Nf3 {[%emt 0:00:07]} c5 {
[%emt 0:00:12]} 3. e3 {[%emt 0:00:10]} g6 {[%emt 0:00:15]} 4. c4 {[%emt 0:00:
18]} Bg7 {[%emt 0:00:08]} 5. Nc3 {[%emt 0:00:06]} O-O {[%emt 0:00:58]} 6. Be2 {
[%emt 0:00:52]} cxd4 {[%emt 0:02:01]} 7. exd4 {[%emt 0:00:10]} d5 {[%emt 0:01:
09]} 8. h3 {[%emt 0:00:58]} Nc6 {[%emt 0:03:14]} 9. O-O {[%emt 0:00:12]} dxc4 {
[%emt 0:07:18]} 10. Bxc4 {[%emt 0:00:11]} Na5 {[%emt 0:01:55]} 11. Bd3 {
[%emt 0:01:06]} Be6 {[%emt 0:01:47]} 12. Re1 {[%emt 0:00:06]} Nc6 {[%emt 0:04:
36]} 13. Bc2 {[%emt 0:02:36]} Nd5 {[%emt 0:03:44]} 14. a3 {[%emt 0:01:12]} Rc8
{[%emt 0:02:23]} 15. Bg5 {[%emt 0:14:17]} Nxc3 {[%emt 0:22:50]} 16. bxc3 {
[%emt 0:00:12]} Qa5 {[%emt 0:04:36]} 17. Bd2 {[%emt 0:03:45]} Bc4 {[%emt 0:01:
37]} 18. Be4 {[%emt 0:04:31]} e6 {[%emt 0:07:11]} 19. Qc1 {[%emt 0:02:11]} Ba6
{[%emt 0:03:35]} 20. a4 {[%emt 0:24:43]} Qc7 {[%emt 0:07:25]} 21. Bf4 {[%emt 0:
04:15]} Qa5 {[%emt 0:02:17]} 22. Bd2 {[%emt 0:00:17]} Qc7 {[%emt 0:02:46]} 23.
Bxc6 {[%emt 0:04:07]} Qxc6 {[%emt 0:01:27]} 24. Ra3 {[%emt 0:00:09]} Qd5 {
[%emt 0:03:19]} 25. Bh6 {[%emt 0:00:50]} f6 {[%emt 0:01:07]} 26. Bxg7 {[%emt 0:
00:17]} Kxg7 {[%emt 0:00:06]} 27. Nh2 {[%emt 0:00:13]} b6 {[%emt 0:03:37]} 28.
Ng4 {[%emt 0:00:48]} Bb7 {[%emt 0:00:36]} 29. f3 {[%emt 0:01:49]} g5 {[%emt 0:
02:41]} 30. a5 {[%emt 0:00:27]} b5 {[%emt 0:00:51]} 31. a6 {[%emt 0:00:28]} Ba8
{[%emt 0:01:04]} 32. Qb2 {[%emt 0:01:17]} Rb8 {[%emt 0:02:59]} 33. Rb3 {
[%emt 0:00:42]} Rb6 {[%emt 0:03:13]} 34. Ne3 {[%emt 0:03:07]} Qd7 {[%emt 0:00:
54]} 35. c4 {[%emt 0:08:12]} Rfb8 {[%emt 0:00:08]} 36. cxb5 {[%emt 0:02:49]}
Rxb5 {[%emt 0:00:04]} 37. Rxb5 {[%emt 0:00:08]} Rxb5 {[%emt 0:00:09]} 38. Qa3 {
[%emt 0:05:52]} Kf7 {[%emt 0:03:27]} 39. Qd3 {[%emt 0:04:06]} Kg7 {[%emt 0:00:
52]} 40. Ng4 {[%emt 0:03:27]} Rd5 {[%emt 0:01:08]} 41. Qe3 {[%emt 0:01:19]} h5
{[%emt 0:08:36]} 42. Nf2 {[%emt 0:00:13]} Rxd4 {[%emt 0:04:16]} 43. Rb1 {
[%emt 0:02:55]} e5 {[%emt 0:06:20]} 44. Rb8 {[%emt 0:00:55]} Bc6 {[%emt 0:01:
38]} 45. Qa3 {[%emt 0:01:23]} Qd6 {[%emt 0:01:24]} 46. Qb3 {[%emt 0:01:05]} Bd5
{[%emt 0:00:42]} 47. Qb5 {[%emt 0:01:28]} e4 {[%emt 0:05:53]} 48. fxe4 {
[%emt 0:02:44]} Rc4 {[%emt 0:02:27]} 49. Qb2 {[%emt 0:06:09]} Qc7 {[%emt 0:00:
31]} 50. e5 {[%emt 0:12:08]} Rc1+ {[%emt 0:00:40]} 51. Kh2 {[%emt 0:00:23]} Rc2
{[%emt 0:00:41]} 52. Qb4 {[%emt 0:01:00]} Qxe5+ {[%emt 0:00:21]} 0-1

[Event "Andorra Open"]
[Site "Escaldes"]
[Date "2019.07.29"]
[Round "3.5"]
[White "Suarez Uriel, Adrian"]
[Black "Kogan, Arthur"]
[Result "0-1"]
[WhiteElo "2392"]
[BlackElo "2535"]
[PlyCount "70"]
[EventDate "2019.07.27"]
[EventType "swiss"]
[EventRounds "9"]
[EventCountry "AND"]
[WhiteClock "0:13:05"]
[BlackClock "0:01:24"]

1. e4 {[%emt 0:00:02]} c5 {[%emt 0:00:14]} 2. Nf3 {[%emt 0:00:04]} d6 {[%emt 0:
00:13]} 3. Nc3 {[%emt 0:00:10]} Nf6 {[%emt 0:02:59]} 4. e5 {[%emt 0:00:08]}
dxe5 {[%emt 0:00:06]} 5. Nxe5 {[%emt 0:00:06]} a6 {[%emt 0:00:04]} 6. g3 {
[%emt 0:01:24]} Qd6 {[%emt 0:03:56]} 7. Qe2 {[%emt 0:00:15]} Nbd7 {[%emt 0:08:
44]} 8. Nc4 {[%emt 0:10:17]} Qc6 {[%emt 0:02:50]} 9. Rg1 {[%emt 0:00:27]} Nb6 {
[%emt 0:05:15]} 10. Bg2 {[%emt 0:06:13]} Qc7 {[%emt 0:00:09]} 11. d3 {[%emt 0:
07:33]} Nxc4 {[%emt 0:06:13]} 12. dxc4 {[%emt 0:00:45]} e6 {[%emt 0:09:18]} 13.
Bf4 {[%emt 0:21:35]} Bd6 {[%emt 0:01:45]} 14. Qe3 {[%emt 0:00:11]} e5 {[%emt 0:
31:11]} 15. O-O-O {[%emt 0:05:03]} Ng4 {[%emt 0:08:53]} 16. Qe2 {[%emt 0:10:05]
} O-O {[%emt 0:05:37]} 17. Bg5 {[%emt 0:01:35]} f6 {[%emt 0:03:13]} 18. Bd2 {
[%emt 0:01:35]} Be6 {[%emt 0:03:40]} 19. Bd5 {[%emt 0:09:18]} Qf7 {[%emt 0:00:
18]} 20. h3 Bxd5 {[%emt 0:02:02]} 21. Nxd5 Nh6 {[%emt 0:00:10]} 22. Bxh6 gxh6 {
[%emt 0:00:14]} 23. Ne3 {[%emt 0:03:26]} Rfd8 24. Rxd6 Rxd6 {[%emt 0:03:35]}
25. Nf5 Qd7 {[%emt 0:00:46]} 26. Qg4+ Kh8 {[%emt 0:00:13]} 27. Nxd6 {[%emt 0:
00:06]} Qxd6 {[%emt 0:00:02]} 28. Rd1 {[%emt 0:00:06]} Qc6 {[%emt 0:00:19]} 29.
Qh5 {[%emt 0:05:10]} Qe6 {[%emt 0:03:48]} 30. Qxh6 {[%emt 0:00:30]} b5 {
[%emt 0:00:07]} 31. Rd3 {[%emt 0:03:14]} e4 {[%emt 0:01:22]} 32. Rd5 {[%emt 0:
00:37]} bxc4 {[%emt 0:01:38]} 33. Rxc5 {[%emt 0:00:02]} Qd6 {[%emt 0:00:39]}
34. Rxc4 {[%emt 0:01:45]} Rd8 {[%emt 0:00:12]} 35. b3 Qa3+ {[%emt 0:00:06]} 0-1

[Event "Andorra Open"]
[Site "Escaldes"]
[Date "2019.07.29"]
[Round "3.9"]
[White "Admiraal, Miguoel"]
[Black "Gaudineau, Eric"]
[Result "1-0"]
[WhiteElo "2504"]
[BlackElo "2372"]
[PlyCount "133"]
[EventDate "2019.07.27"]
[EventType "swiss"]
[EventRounds "9"]
[EventCountry "AND"]

1. e4 e5 2. Nf3 Nc6 3. Bc4 Bc5 4. d3 Nf6 5. O-O d6 6. c3 a6 7. Nbd2 O-O 8. h3
Ba7 9. Bb3 h6 10. Re1 Nh5 11. Nf1 Qf6 12. Ne3 Nf4 13. Ng4 Qg6 14. Bxf4 exf4 15.
d4 Bxg4 16. hxg4 Qxg4 17. a4 Ne7 18. Qd3 Rad8 19. e5 d5 20. Bc2 g6 21. b4 c6
22. Nh2 Qg5 23. Qh3 h5 24. a5 Bb8 25. Nf3 Qh6 26. Qh4 Rde8 27. Ng5 Nf5 28. Bxf5
gxf5 29. Nh3 Bc7 30. Qxf4 Qxf4 31. Nxf4 f6 32. Ng6 Rf7 33. f4 Rg7 34. Nh4 Rg4
35. Nxf5 Rxf4 36. exf6 Ree4 37. Ng3 Rxe1+ 38. Rxe1 Rxf6 39. Nxh5 Rf7 40. Re8+
Kh7 41. Re6 Bd8 42. Ng3 Bg5 43. Nf1 Kg7 44. Re2 Kg6 45. Nh2 Bf4 46. g3 Bc7 47.
Kg2 Rh7 48. Nf3 Kf5 49. Ne5 Bb8 50. Nd3 Rg7 51. Re3 Kg4 52. Nf2+ Kf5 53. Rf3+
Kg5 54. g4 Re7 55. Rf5+ Kg6 56. Kf3 Rh7 57. Nd3 Rh3+ 58. Ke2 Bd6 59. Ne5+ Bxe5
60. dxe5 Rg3 61. Rf4 Kg5 62. Rf7 Rxc3 63. e6 Rc4 64. Rf5+ Kxg4 65. Re5 Kf4 66.
e7 Kxe5 67. e8=Q+ 1-0

[Event "Andorra Open"]
[Site "Escaldes"]
[Date "2019.07.29"]
[Round "3.10"]
[White "Garcia Martin, Marta"]
[Black "Ruiz Castillo, Joshua Daniel"]
[Result "0-1"]
[WhiteElo "2335"]
[BlackElo "2501"]
[PlyCount "94"]
[EventDate "2019.07.27"]
[EventType "swiss"]
[EventRounds "9"]
[EventCountry "AND"]

1. e4 c5 2. Nf3 d6 3. d4 cxd4 4. Nxd4 Nf6 5. Nc3 g6 6. Be3 Bg7 7. Be2 a6 8. Qd2
h5 9. f3 Nbd7 10. O-O O-O 11. Rfd1 Ne5 12. Nd5 b5 13. a4 Nxd5 14. exd5 Nc4 15.
Bxc4 bxc4 16. Bh6 Bxh6 17. Qxh6 Qb6 18. Qe3 Re8 19. Nf5 Rb8 20. Qxb6 Rxb6 21.
Ne3 Rxb2 22. Rdb1 Rxb1+ 23. Rxb1 Bd7 24. Rb6 Ra8 25. a5 Bb5 26. Nd1 Ba4 27. Ne3
c3 28. Kf2 Kf8 29. h4 Bb5 30. g4 Rc8 31. gxh5 gxh5 32. Kg3 Kg7 33. Kf4 Kf6 34.
Rb7 Rc5 35. Ke4 Be2 36. Kd4 Bxf3 37. Rb1 Be2 38. Re1 Bb5 39. Rg1 e5+ 40. Ke4
Bd7 41. Rg5 Bg4 42. Kd3 Rxa5 43. Kxc3 Ra3+ 44. Kd2 Ra4 45. c4 Ra2+ 46. Kc3 Ra3+
47. Kd2 e4 0-1

[Event "Andorra Open"]
[Site "Escaldes"]
[Date "2019.07.29"]
[Round "3.11"]
[White "Maddens, Martijn"]
[Black "Narciso Dublan, Marc"]
[Result "0-1"]
[WhiteElo "2148"]
[BlackElo "2489"]
[PlyCount "56"]
[EventDate "2019.07.27"]
[EventType "swiss"]
[EventRounds "9"]
[EventCountry "AND"]

1. e4 c6 2. d4 d5 3. exd5 cxd5 4. Bd3 Nc6 5. c3 g6 6. Bf4 Bf5 7. Be2 Nf6 8. Nf3
Bg7 9. O-O O-O 10. Nbd2 Nh5 11. Be3 Qc7 12. Nh4 Nf6 13. Re1 Rad8 14. Nb3 Bc8
15. Qc1 Ne4 16. Bf4 Qb6 17. Bd3 e5 18. Bxe4 dxe4 19. dxe5 f5 20. exf6 Bxf6 21.
g3 Bxh4 22. gxh4 Ne5 23. Rxe4 Nf3+ 24. Kh1 Qc6 25. Qe3 Bf5 26. Nc5 Bxe4 27.
Nxe4 Rde8 28. Qxf3 Rxe4 0-1

[Event "Andorra Open"]
[Site "Escaldes"]
[Date "2019.07.29"]
[Round "3.12"]
[White "Ochsner, Bjorn Moller"]
[Black "Lever, Erwan"]
[Result "1-0"]
[WhiteElo "2483"]
[BlackElo "2259"]
[PlyCount "83"]
[EventDate "2019.07.27"]
[EventType "swiss"]
[EventRounds "9"]
[EventCountry "AND"]

1. e4 c5 2. Nf3 e6 3. c3 d5 4. exd5 Qxd5 5. d4 Nf6 6. Na3 cxd4 7. Nb5 Qd8 8.
Qxd4 a6 9. Qxd8+ Kxd8 10. Ne5 axb5 11. Nxf7+ Ke8 12. Nxh8 Bd7 13. Bd3 Nc6 14.
Bxb5 Bc5 15. b4 Bd6 16. O-O Ke7 17. a4 Rxh8 18. Re1 Nd5 19. Bg5+ Kf7 20. Rad1
h6 21. Bc1 Be7 22. Bc4 Bf6 23. Bxd5 exd5 24. Rxd5 Be6 25. Rb5 Bxc3 26. Rxb7+
Kf6 27. Rd1 Nxb4 28. Bd2 Nd5 29. Bxc3+ Nxc3 30. Ra1 Ra8 31. a5 Ne2+ 32. Kh1 Nf4
33. a6 Nh3 34. f3 Nf4 35. a7 h5 36. Ra6 Nd5 37. Rd7 Ke5 38. Rxg7 h4 39. h3 Nf4
40. Re7 Kf5 41. Rb7 Rc8 42. a8=Q 1-0

[Event "Andorra Open"]
[Site "Escaldes"]
[Date "2019.07.29"]
[Round "3.13"]
[White "Roselli Mailhe, Bernardo"]
[Black "Sanchez Dengra, Jose Maria"]
[Result "1-0"]
[WhiteElo "2471"]
[BlackElo "2216"]
[PlyCount "61"]
[EventDate "2019.07.27"]
[EventType "swiss"]
[EventRounds "9"]
[EventCountry "AND"]

1. d4 Nf6 2. c4 e6 3. Nf3 c5 4. d5 d6 5. Nc3 exd5 6. cxd5 g6 7. Bf4 Bg7 8. e3
O-O 9. Be2 Na6 10. O-O Nc7 11. a4 a6 12. e4 Re8 13. Nd2 Rb8 14. a5 b5 15. axb6
Nb5 16. Nxb5 axb5 17. Bxb5 Bd7 18. Bd3 Nh5 19. Bxd6 Rxb6 20. Bxc5 Rxb2 21. Be3
f5 22. exf5 Be5 23. Nf3 Bd6 24. fxg6 Rxe3 25. gxh7+ Kg7 26. fxe3 Qe7 27. Qc1
Bxh2+ 28. Kxh2 Qd6+ 29. Kh1 Rxg2 30. Qc3+ Kf7 31. Ng5+ 1-0

[Event "Andorra Open"]
[Site "Escaldes"]
[Date "2019.07.29"]
[Round "3.14"]
[White "Valles Mata, David"]
[Black "Kharitonov, Alexandr"]
[Result "0-1"]
[WhiteElo "2208"]
[BlackElo "2540"]
[PlyCount "88"]
[EventDate "2019.07.27"]
[EventType "swiss"]
[EventRounds "9"]
[EventCountry "AND"]

1. e4 c6 2. Nc3 d5 3. Nf3 Bg4 4. h3 Bxf3 5. Qxf3 e6 6. d4 Nf6 7. Bd3 dxe4 8.
Nxe4 Nxe4 9. Qxe4 Nd7 10. c3 Nf6 11. Qf3 Qd5 12. Be2 Bd6 13. O-O Qxf3 14. Bxf3
O-O-O 15. Bd2 Rhg8 16. Rad1 g5 17. g3 h5 18. Bg2 Nd5 19. Rfe1 h4 20. g4 Nf4 21.
Bf1 Rd7 22. Bxf4 Bxf4 23. Bc4 Rgd8 24. Bb3 b5 25. Bc2 a5 26. Be4 Kc7 27. Bf3 a4
28. a3 Kb6 29. Kf1 Rd6 30. Rb1 c5 31. dxc5+ Kxc5 32. Re4 Rd3 33. Kg2 Rd2 34.
Kf1 R8d3 35. Bg2 Rc2 36. Re2 Rdd2 37. Rxd2 Bxd2 38. Be4 Rc1+ 39. Ke2 Rxb1 40.
Bxb1 Bc1 41. b3 axb3 42. Kd3 Bxa3 43. f4 gxf4 44. Ke4 Kc4 0-1

[Event "Andorra Open"]
[Site "Escaldes"]
[Date "2019.07.29"]
[Round "3.15"]
[White "Thybo, Jesper Sondergaard"]
[Black "Serra Pages, Jordi"]
[Result "1-0"]
[WhiteElo "2528"]
[BlackElo "2228"]
[PlyCount "47"]
[EventDate "2019.07.27"]
[EventType "swiss"]
[EventRounds "9"]
[EventCountry "AND"]

1. d4 Nf6 2. c4 e6 3. Nf3 Bb4+ 4. Nbd2 O-O 5. a3 Be7 6. e4 d5 7. e5 Ne4 8. Qc2
Nxd2 9. Bxd2 f5 10. cxd5 exd5 11. Bd3 Kh8 12. h4 c6 13. Ng5 h6 14. e6 Bxg5 15.
hxg5 Bxe6 16. O-O-O Qd7 17. Bf4 Kh7 18. g4 Na6 19. Rde1 Rae8 20. Re5 g6 21.
Rxh6+ Kg7 22. Re3 Bg8 23. Rxe8 Qxe8 24. Be5+ 1-0

[Event "Andorra Open"]
[Site "Escaldes"]
[Date "2019.07.29"]
[Round "3.17"]
[White "Vega Gutierrez, Sabrina"]
[Black "Martinez Lopez, Ivan"]
[Result "1-0"]
[WhiteElo "2385"]
[BlackElo "2174"]
[PlyCount "65"]
[EventDate "2019.07.27"]
[EventType "swiss"]
[EventRounds "9"]
[EventCountry "AND"]

1. e4 c6 2. d4 d5 3. e5 Bf5 4. Nd2 e6 5. Nb3 Nd7 6. Nf3 a6 7. Be2 Rc8 8. O-O c5
9. c3 c4 10. Nbd2 Bg6 11. Ne1 Ne7 12. g3 f6 13. exf6 gxf6 14. Ng2 Bg7 15. Nf4
Rc6 16. b3 cxb3 17. axb3 e5 18. dxe5 fxe5 19. Nxg6 hxg6 20. c4 Nb6 21. Ba3 dxc4
22. bxc4 Qd7 23. Bg4 Nf5 24. Qe2 Qe6 25. Rab1 Rc7 26. Rfd1 Nc8 27. c5 O-O 28.
Ne4 Qc6 29. Ng5 Nd4 30. Rxd4 exd4 31. Be6+ Kh8 32. Qg4 Bh6 33. Qxd4+ 1-0

[Event "Andorra Open"]
[Site "Escaldes"]
[Date "2019.07.29"]
[Round "3.18"]
[White "Leiro Giralt, Daniel"]
[Black "Vogt, Lothar"]
[Result "1/2-1/2"]
[WhiteElo "2189"]
[BlackElo "2360"]
[PlyCount "125"]
[EventDate "2019.07.27"]
[EventType "swiss"]
[EventRounds "9"]
[EventCountry "AND"]

1. e4 c5 2. Nc3 Nc6 3. Nge2 g6 4. d4 cxd4 5. Nxd4 Bg7 6. Nde2 Nf6 7. g3 O-O 8.
Bg2 d6 9. O-O Rb8 10. a4 a6 11. Nd5 Nd7 12. c3 e6 13. Ne3 Nf6 14. b3 Qc7 15.
Ra2 Rd8 16. Rd2 b5 17. Ba3 Ne8 18. axb5 axb5 19. c4 Ba6 20. cxb5 Bxb5 21. Re1
Qb6 22. Bb2 Bxe2 23. Rexe2 Qxb3 24. Bxg7 Qxd1+ 25. Rxd1 Kxg7 26. Red2 Rb4 27.
f3 Ne5 28. Kf2 Nc4 29. Nxc4 Rxc4 30. Bf1 Rb4 31. Ke3 Rdb8 32. Be2 Kf6 33. Ra1
Rb3+ 34. Kf2 Ke7 35. h4 f5 36. Bc4 Rb2 37. Ra7+ R2b7 38. Rb2 Rxa7 39. Rxb8 fxe4
40. fxe4 Nf6 41. Ke3 d5 42. exd5 exd5 43. Bb3 Ke6 44. Kd4 Ra6 45. g4 Nxg4 46.
Bxd5+ Kf5 47. Be4+ Kf4 48. Rf8+ Rf6 49. Rg8 Rd6+ 50. Kc5 Re6 51. Bb1 Nf6 52.
Rg7 Kg4 53. Bxg6 Nd7+ 54. Rxd7 hxg6 55. Rh7 Re5+ 56. Kd4 Rh5 57. Rg7 Rh6 58.
Ke3 Kxh4 59. Kf3 g5 60. Kg2 Ra6 61. Rb7 Ra2+ 62. Kg1 g4 63. Rb3 1/2-1/2

[Event "Andorra Open"]
[Site "Escaldes"]
[Date "2019.07.29"]
[Round "3.19"]
[White "Sacristan Latorre, Alberto"]
[Black "Berkovich, Mark A"]
[Result "0-1"]
[WhiteElo "2091"]
[BlackElo "2338"]
[PlyCount "104"]
[EventDate "2019.07.27"]
[EventType "swiss"]
[EventRounds "9"]
[EventCountry "AND"]

1. e4 e5 2. Nf3 Nc6 3. Bc4 Nf6 4. d3 h6 5. O-O d6 6. c3 g6 7. d4 Qe7 8. Nbd2
Bg7 9. Re1 O-O 10. a4 Nh5 11. h3 exd4 12. cxd4 Nxd4 13. Nxd4 Bxd4 14. Nf3 Bg7
15. g4 Nf6 16. e5 Ne8 17. Bf4 Be6 18. exd6 Nxd6 19. Bxe6 fxe6 20. Be5 Nf7 21.
Bxg7 Kxg7 22. Qb3 Rae8 23. Re2 Qf6 24. Rae1 e5 25. Qc3 Re7 26. Nxe5 Nxe5 27.
Rxe5 Qxf2+ 28. Kh1 Rxe5 29. Qxe5+ Kg8 30. Qd5+ Rf7 31. Re8+ Kh7 32. Qg2 Kg7 33.
Re2 Qxg2+ 34. Kxg2 Rd7 35. Kf3 Rd3+ 36. Kf4 Kf6 37. Rc2 Rxh3 38. a5 g5+ 39. Ke4
Rg3 40. Rxc7 Rxg4+ 41. Kf3 Ra4 42. Rxb7 Rxa5 43. Rc7 h5 44. Rc6+ Kf5 45. Rc7 a6
46. Rf7+ Kg6 47. Ra7 Rf5+ 48. Ke4 Rf6 49. Ke5 g4 50. Ra8 Kg5 51. Rg8+ Rg6 52.
Rf8 g3 0-1

[Event "Andorra Open"]
[Site "Escaldes"]
[Date "2019.07.29"]
[Round "3.20"]
[White "Varela La Madrid, Tilsia Carolina"]
[Black "Blom, Vincent"]
[Result "0-1"]
[WhiteElo "2068"]
[BlackElo "2306"]
[PlyCount "76"]
[EventDate "2019.07.27"]
[EventType "swiss"]
[EventRounds "9"]
[EventCountry "AND"]

1. e4 c6 2. c4 e5 3. Nf3 d6 4. d4 Nd7 5. b3 g6 6. dxe5 Nxe5 7. Nxe5 Bg7 8. Bb2
Bxe5 9. Bxe5 dxe5 10. Qxd8+ Kxd8 11. c5 Nf6 12. Nc3 Nd7 13. Rd1 Ke7 14. Na4 b5
15. cxb6 axb6 16. Be2 b5 17. Nc3 Nc5 18. Rc1 b4 19. Nd5+ cxd5 20. Rxc5 Rxa2 21.
exd5 Ba6 22. Bd1 Rc8 23. Rxc8 Bxc8 24. h4 h6 25. g4 Bb7 26. Rh3 Bxd5 27. Rd3
Ra5 28. Kd2 Be6 29. Re3 Rd5+ 30. Kc2 Kd6 31. Re4 Rd4 32. Rxd4+ exd4 33. Kd3 Ke5
34. g5 h5 35. f3 Kf4 36. Kxd4 Kg3 37. Kd3 Kxh4 38. f4 Kg3 0-1